Caricamento...
Novelistinde shilpashala /
| Autore principale: | |
|---|---|
| Natura: | Printed Book |
| Lingua: | Malayalam |
| Pubblicazione: |
Kottayam :
Sahitya Pravarthaka Sahakarana Sangam ,
1970.
|
| Soggetti: |
| LEADER | 00537nam a2200157Ia 4500 | ||
|---|---|---|---|
| 008 | 150624b xxu||||| |||| 00| f mal d | ||
| 082 | |a 853.09 | ||
| 100 | |a Jayachandran, T. N. | ||
| 245 | |c T. N. Jayachandran |a Novelistinde shilpashala / | ||
| 260 | |a Kottayam : |b Sahitya Pravarthaka Sahakarana Sangam , |c 1970. | ||
| 300 | |a 261 p. | ||
| 546 | |a In Malayalam. | ||
| 650 | |v Novel | ||
| 942 | |c BK | ||
| 999 | |c 79199 |d 79199 | ||
| 952 | |0 0 |1 0 |4 0 |6 853_090000000000000_JAY_N |7 0 |9 79143 |a UL |b UL |c ST2 |d 1998-09-15 |l 0 |o 853.09 JAY/N |p 50421 |r 2012-10-27 |w 2012-10-27 |y BK | ||